[Event "TC Hartwell Memorial"]
[Site "Twin Falls, ID"]
[Date "2006.05.27"]
[Round "2.5"]
[White "Mabry, William B"]
[Black "Taylor, Susan M"]
[Result "1-0"]
[WhiteElo "1319"]
[BlackElo "1113"]

1. e4 e5 2. Nf3 Nc6 3. d4 exd4 4. Nxd4 Nf6 5. Nc3 Bb4 6. Nxc6 bxc6 7. Bd3 O-O
8. Bd2 Re8 9. O-O d5 10. exd5 Bc5 11. Na4 Qxd5 12. Nxc5 Qxc5 13. Be3 Qd6 14.
Qd2 Ng4 15. Bf4 Qd7 16. Rfe1 Rxe1+ 17. Rxe1 Bb7 18. Bxh7+ Kh8 19. Qxd7 Nf6 20.
Qxc7 Bc8 21. Qd8+ Kxh7 22. Qd3+ g6 23. Qc3 Bd7 24. Qxf6 Be8 25. Be5 Kh6 26.
Qh4# 1-0

[Event "TC Hartwell Memorial"]
[Site "Twin Falls, ID"]
[Date "2006.05.27"]
[Round "3.4"]
[White "Taylor, Susan M"]
[Black "Eacker, Barry D"]
[Result "0-1"]
[WhiteElo "1113"]
[BlackElo "1635"]

1. e4 e6 2. d4 d5 3. e5 c5 4. c3 Nc6 5. Nf3 Qc7 6. Bb5 Bd7 7. Bxc6 bxc6 8. O-O
cxd4 9. cxd4 Ne7 10. a3 Nf5 11. b4 Be7 12. Bg5 a5 13. Bxe7 Kxe7 14. Qd2 Rhb8
15. Qg5+ Kf8 16. Qd2 axb4 17. a4 Ra5 18. Rc1 Qa7 19. Qd1 Ra8 20. Qb3 Rxa4 21.
Nbd2 Rxa1 22. Qxb4+ Kg8 23. Nb3 Rxc1+ 24. Nxc1 Rb8 25. Qc3 Rb1 26. g3 Qa1 27.
Qxa1 Rxa1 28. Kg2 Rxc1 29. g4 Ne7 30. Ng1 c5 31. Ne2 Rc2 32. Kf3 c4 33. Ke3
Nc6 34. f4 Rxe2+ 35. Kxe2 Nxd4+ 36. Kd2 Ba4 37. Kc3 Nc2 38. f5 Bb3 39. f6 d4+
40. Kd2 Nb4 41. g5 c3+ 42. Kc1 d3 43. h4 d2+ {#R} 0-1

[Event "Lang Invitational #2"]
[Site "Meridian, ID"]
[Date "2011.02.05"]
[Round "1.3"]
[White "Taylor, Shane"]
[Black "Roland, Jeffrey T"]
[Result "0-1"]
[WhiteElo "1355"]
[BlackElo "1703"]

{Game/30} 1. e4 e5 2. Nf3 Nc6 3. b3 Nf6 4. Bb2 d6 5. Nc3 Be6 6. Ng5 Qd7 7.
Nxe6 fxe6 8. g3 Be7 9. Qe2 Nd4 10. Qd3 O-O 11. Ne2 Ng4 12. Bxd4 exd4 13. Bh3
Nxf2 14. Qc4 Nxh3 15. Nxd4 d5 16. Qe2 Nf2 17. Rf1 Nxe4 18. Rf4 Bf6 19. Qe3 e5
20. Rxf6 Rxf6 21. Nf3 Raf8 22. Nxe5 Rf1+ 23. Ke2 Qh3 24. Nd7 Rxa1 25. Kd3 Qxd7
{#R} 0-1

[Event "Lang Invitational #2"]
[Site "Meridian, ID"]
[Date "2011.02.05"]
[Round "2.2"]
[White "Edvalson, Paul F"]
[Black "Taylor, Shane"]
[Result "1-0"]
[WhiteElo "1447"]
[BlackElo "1355"]

{Game/30} 1. e4 e5 2. Nf3 Nc6 3. d4 exd4 4. Bc4 Nf6 5. e5 d5 6. Bb5 Nd7 7. O-O
Bc5 8. Re1 O-O 9. Bd3 Re8 10. Bxh7+ Kxh7 11. Ng5+ Kg8 12. Qh5 Ncxe5 13. Qh7+
Kf8 14. Qh8+ Ke7 15. Qxg7 Kd6 16. Bf4 Rg8 17. Nxf7+ {#r} 1-0

[Event "Lang Invitational #2"]
[Site "Meridian, ID"]
[Date "2011.02.05"]
[Round "3.2"]
[White "Taylor, Shane"]
[Black "Lang, Jamie"]
[Result "1-0"]
[WhiteElo "1355"]
[BlackElo "1337"]

{Game/30} 1. e4 e5 2. Nf3 Nc6 3. Bc4 Nf6 4. Ng5 d5 5. exd5 Nxd5 6. d4 Nxd4 7.
O-O Be7 8. Nxf7 Kxf7 9. Qh5+ Kf8 10. Qxe5 Bf6 11. Qe4 Bf5 12. Qxd5 Qxd5 13.
Bxd5 c6 14. Bb3 Ne2+ 15. Kh1 Nxc1 16. Rxc1 Bxb2 17. Nd2 Bxa1 18. Rxa1 g6 19.
Nc4 Be6 20. Re1 Bxc4 21. Bxc4 Re8 22. Rd1 Kg7 23. Rd7+ Kh6 24. g3 b5 25. Bd3 {
(stopped recording - less than 5 minutes on clock)} {#r} 1-0

[Event "Lang Invitational #2"]
[Site "Meridian, ID"]
[Date "2011.02.05"]
[Round "4.2"]
[White "Longhurst, Corey Kenneth"]
[Black "Taylor, Shane"]
[Result "1-0"]
[WhiteElo "1243"]
[BlackElo "1355"]

{Game/30} 1. d4 Nf6 2. c4 c5 3. d5 e6 4. Nc3 exd5 5. cxd5 d6 6. e4 Be7 7. Nf3
O-O 8. Be2 Re8 9. Qc2 Na6 10. a3 Nc7 11. O-O a6 12. a4 Rb8 13. Be3 Bd7 14. h3
h6 15. Rfd1 b5 16. axb5 axb5 17. e5 b4 18. exf6 Bxf6 19. Ne4 Bf5 20. Bd3 b3
21. Qb1 Be7 22. Ng3 Bd7 23. Bc4 Rb4 24. Qd3 Bf6 25. Rab1 g5 26. Nh2 Be5 27.
Ne2 Qf6 28. Ng4 Bxg4 29. hxg4 Bxb2 30. Bd2 Rb7 31. Ng3 Re5 32. Nh5 Qe7 33.
Rxb2 Re4 34. f3 Rd4 35. Qc3 Rb4 36. Re1 Qd7 37. Be3 Rdxc4 38. Qg7# 1-0

[Event "Lang Invitational #2"]
[Site "Meridian, ID"]
[Date "2011.02.05"]
[Round "5.1"]
[White "Taylor, Shane"]
[Black "Patterson, Kevin R"]
[Result "0-1"]
[WhiteElo "1355"]
[BlackElo "1247"]

{Game/30} 1. e4 e6 2. d4 d5 3. Nd2 c5 4. exd5 exd5 5. dxc5 Bxc5 6. Ngf3 Nc6 7.
Bd3 Nf6 8. O-O O-O 9. Nb3 Bd6 10. Bg5 Be7 11. Qd2 Bg4 12. Nh4 Ne5 13. f4 Nxd3
14. Qxd3 Ne4 15. Bxe7 Qxe7 16. Qxd5 Rfd8 17. Nf5 Bxf5 18. Qxf5 Nf6 19. Rfe1
Qc7 20. Re3 Re8 21. Rc3 Qb6+ 22. Qc5 Qe6 23. Rd1 Ne4 24. f5 Qf6 25. Qd4 Nxc3
26. Qxf6 gxf6 27. bxc3 Re3 28. Rd3 Re2 29. Nd4 Re7 30. Nb5 b6 31. Rg3+ Kf8 32.
Rh3 Kg7 33. Rg3+ Kh8 {(stopped recording - less than 5 minutes on clock)} {#R}
0-1

[Event "Lang Invitational #3"]
[Site "Meridian, ID"]
[Date "2011.03.05"]
[Round "2.2"]
[White "Roland, Jeffrey T"]
[Black "Taylor, Shane"]
[Result "0-1"]
[WhiteElo "1700"]
[BlackElo "1355"]

1. d4 d5 2. c4 e6 3. Nc3 c6 4. Nf3 dxc4 5. e4 b5 6. a3 Nf6 7. Be2 Bb7 8. O-O
a6 9. Ne5 Nbd7 10. f4 c5 11. d5 exd5 12. Nxd7 Qxd7 13. e5 d4 14. exf6 dxc3 15.
Qxd7+ Kxd7 16. Bg4+ Kc7 17. bxc3 gxf6 18. f5 h5 19. Bf4+ Bd6 20. Bxd6+ Kxd6
21. Rad1+ Kc7 22. Bf3 Bxf3 23. Rxf3 Rhg8 24. Kf2 Rae8 25. h3 Re5 26. Rf4 Rge8
27. g4 h4 28. Rf3 a5 29. Rb1 Re2+ 30. Kf1 Kc6 31. a4 b4 32. cxb4 cxb4 {#R} 0-1

[Event "Lang Invitational #3"]
[Site "Meridian, ID"]
[Date "2011.03.05"]
[Round "3.1"]
[White "Abernathy, Caleb Patrick"]
[Black "Taylor, Shane"]
[Result "0-1"]
[WhiteElo "1739"]
[BlackElo "1355"]

1. e4 e5 2. Nf3 Nc6 3. Bc4 Nf6 4. Ng5 Bc5 5. Nxf7 Bxf2+ 6. Kf1 Qe7 7. Nxh8 d5
8. Bxd5 Bg4 9. Kxf2 Bxd1 10. Rxd1 Nxd5 11. exd5 Nb4 12. Na3 Qc5+ 13. d4 exd4
14. Bg5 Kd7 15. Re1 Nxd5 16. Re5 b5 17. Rae1 Rxh8 18. Rf5 Rf8 19. Re7+ Qxe7
20. Bxe7 Rxf5+ 21. Kg3 Nxe7 {#R} 0-1

[Event "Lang Invitational #3"]
[Site "Meridian, ID"]
[Date "2011.03.05"]
[Round "4.1"]
[White "Taylor, Shane"]
[Black "Edvalson, Paul F"]
[Result "1-0"]
[WhiteElo "1355"]
[BlackElo "1447"]

1. e4 c5 2. Nf3 Nc6 3. Nc3 g6 4. Bc4 Bg7 5. O-O Nf6 6. Qe2 d6 7. d3 Bg4 8. Bg5
Nd4 9. Qd1 Qd7 10. Be3 O-O 11. Bxd4 cxd4 12. Ne2 Bxf3 13. gxf3 Nh5 14. Kh1 Qh3
15. Ng3 Nf4 16. Rg1 h5 17. Qf1 Qd7 18. Ne2 Nh3 19. Rg3 Ng5 20. Rxg5 a5 21. Qg2
Kh7 22. a4 f6 23. Rxg6 {#r} 1-0

[Event "ICA Players Mem-Open"]
[Site "Boise, ID"]
[Date "2011.05.14"]
[Round "1.8"]
[White "Taylor, Shane"]
[Black "Roland, Jeffrey T"]
[Result "0-1"]
[WhiteElo "1355"]
[BlackElo "1700"]

1. e4 e5 2. Nf3 Nc6 3. Bc4 Bc5 4. c3 Nf6 5. d3 a6 6. Bg5 d6 7. h3 O-O 8. d4
exd4 9. cxd4 Bb4+ 10. Nbd2 h6 11. Bh4 g5 12. Nxg5 hxg5 13. Bxg5 Bxd2+ 14. Qxd2
Nxe4 15. Bxd8 Nxd2 16. Kxd2 Rxd8 17. g4 Nxd4 18. f4 Be6 19. Bd3 Bd5 20. Rhd1
c5 21. Ke3 Re8+ 22. Kf2 Be4 23. Bc4 d5 24. Bf1 f5 25. g5 Kg7 26. h4 Rh8 27.
Kg3 Nf3 28. Rac1 Rac8 29. Bg2 Nd4 30. Rd2 Bxg2 31. Kxg2 Ne6 32. Kg3 d4 33. Re2
Rce8 34. Re5 Kg6 35. Rce1 Nc7 36. h5+ Kxh5 37. Rh1+ Kg6 38. Rxh8 Rxh8 39. Rxc5
Rh7 40. Rc4 Ne6 41. a4 Rc7 42. Rb4 d3 43. Rb6 Rc6 44. Rxb7 Rd6 {#R} 0-1

[Event "ICA Players Mem-Open"]
[Site "Boise, ID"]
[Date "2011.05.14"]
[Round "3.6"]
[White "Edvalson, Paul F"]
[Black "Taylor, Shane"]
[Result "0-1"]
[WhiteElo "1447"]
[BlackElo "1355"]

1. Nf3 a6 2. c4 e6 3. g3 Nf6 4. Bg2 d5 5. cxd5 Nxd5 6. e4 Nb6 7. d3 Nc6 8. O-O
Nb4 9. d4 c5 10. Be3 c4 11. a3 Nd3 12. Qc2 Bd7 13. Nc3 Be7 14. Ne5 Nxe5 15.
dxe5 O-O 16. f4 Rc8 17. Rad1 Rc6 18. f5 f6 19. exf6 gxf6 20. e5 Rc8 21. fxe6
Qc7 22. exd7 Nxd7 23. Nd5 Qxe5 24. Rfe1 Rf7 25. Kh1 Bd8 26. Bh3 Ba5 27. Bb6
Bxe1 28. Qg2 Rc6 29. Bd4 Qe8 30. Qf3 Ba5 31. Bxd7 Qxd7 32. Bxf6 Rd6 33. Qh5
Bd8 34. Qg5+ Kf8 35. Qh6+ Ke8 36. Re1+ Re6 37. Rd1 Bxf6 38. Nxf6+ Rexf6 39.
Rxd7 Rxh6 {#R} 0-1

[Event "Idaho Closed"]
[Site "Boise, ID"]
[Date "2012.02.18"]
[Round "1.1"]
[White "Parsons, Larry R"]
[Black "Taylor, Shane"]
[Result "1-0"]
[WhiteElo "2000"]
[BlackElo "1381"]

1. c4 g6 2. Nc3 Nf6 3. e4 d6 4. d4 Bg7 5. Be2 O-O 6. Nf3 c5 7. O-O cxd4 8.
Nxd4 Qb6 9. Ndb5 a6 10. Be3 Qa5 11. Nd4 Bd7 12. a3 Nc6 13. b4 Qc7 14. Rc1 Rac8
15. f3 Ne5 16. Nd5 Qd8 17. Qd2 e6 18. Nxf6+ Qxf6 19. Bg5 Nxc4 20. Rxc4 Qe5 21.
Be3 Ba4 22. Rfc1 Rcd8 23. f4 Qf6 24. Bf3 Qe7 25. Rc7 Rd7 26. Rxd7 Bxd7 27. Rc7
Rb8 28. Nb3 Qd8 29. Qxd6 Bc6 30. Qxd8+ Rxd8 31. Na5 Rd3 32. Rc8+ {#r} 1-0

[Event "Idaho Closed"]
[Site "Boise, ID"]
[Date "2012.02.18"]
[Round "2.11"]
[White "Taylor, Shane"]
[Black "Nathan, Jacob Ari"]
[Result "1-0"]
[WhiteElo "1381"]
[BlackElo "384"]

1. e4 e5 2. Nf3 Nc6 3. Bc4 Bc5 4. O-O Nf6 5. d3 O-O 6. c3 d5 7. exd5 Nxd5 8.
Re1 Re8 9. b4 Bb6 10. b5 Na5 11. Nxe5 Bxf2+ 12. Kxf2 Qf6+ 13. Nf3 Bg4 14. Bxd5
Rad8 15. Bg5 Qf5 16. Bxd8 Rxd8 17. Re5 Qf6 18. Qe1 g6 19. c4 c6 20. bxc6 bxc6
21. Re8+ Rxe8 22. Qxe8+ Kg7 23. Qe5 Bxf3 24. Qxf6+ Kxf6 25. Bxf3 h5 26. Nc3 h4
27. Re1 g5 28. Ne4+ Kf5 29. Nd6+ Kf6 30. Nc8 a6 31. Re7 Kg6 32. Ra7 Nxc4 33.
dxc4 {#r} 1-0

[Event "Idaho Closed"]
[Site "Boise, ID"]
[Date "2012.02.19"]
[Round "3.6"]
[White "Taylor, Shane"]
[Black "Kircher, Caleb Paul"]
[Result "0-1"]
[WhiteElo "1381"]
[BlackElo "1793"]

1. e4 d5 2. exd5 Nf6 3. Nc3 Nxd5 4. Bc4 c6 5. Nf3 Bg4 6. Qe2 e6 7. d4 Bb4 8.
Bd2 O-O 9. O-O Bxc3 10. bxc3 Qf6 11. Bg5 Qxg5 12. Nxg5 Bxe2 13. Bxe2 Nxc3 14.
Bd3 h6 15. Nf3 Nd7 16. Nd2 Nf6 17. f4 Rfd8 18. Nb3 a5 19. a4 Ncd5 20. f5 exf5
21. Rxf5 b6 22. Bc4 Rd7 23. Bxd5 Nxd5 24. Ra3 Re8 25. Kf2 Rde7 26. c4 Ne3 27.
Rf3 Nxc4 28. Ra2 Ne3 29. Rb2 Nd1+ {#R} 0-1

[Event "Idaho Closed"]
[Site "Boise, ID"]
[Date "2012.02.20"]
[Round "5.7"]
[White "Taylor, Shane"]
[Black "Roland, Jeffrey T"]
[Result "0-1"]
[WhiteElo "1381"]
[BlackElo "1725"]

1. e4 e6 2. d4 d5 3. Be3 dxe4 4. f3 Nf6 5. Nd2 Nd5 6. Bf2 e3 7. Ne4 f5 8. Bg3
fxe4 9. fxe4 Nf6 10. Bd3 Be7 11. a3 O-O 12. e5 Ne8 13. Qh5 g6 14. Bxg6 hxg6
15. Qxg6+ Ng7 16. h4 Qxd4 17. Rd1 Rf1+ 18. Ke2 Qxd1+ 19. Kxe3 Bc5+ 20. Ke4
Qd5# 0-1

[Event "MH Spring Tourny"]
[Site "Mountain Home, ID"]
[Date "2012.04.28"]
[Round "1.6"]
[White "Winchell, Nathanael"]
[Black "Taylor, Shane"]
[Result "0-1"]
[WhiteElo "1000"]
[BlackElo "1400"]

1. c4 Nf6 2. d4 g6 3. Nc3 Bg7 4. e3 O-O 5. Nf3 d6 6. Bd3 Bg4 7. O-O Nc6 8. h3
Bd7 9. Nd5 e5 10. Nxf6+ Qxf6 11. dxe5 Nxe5 12. Nxe5 Qxe5 13. Qc2 Bc6 14. Bd2
Qxb2 15. Qxb2 Bxb2 16. Rab1 Be5 17. f4 Bg7 18. Rfc1 b6 19. Bc3 Rfe8 20. Kf2
Re6 21. Bxg7 Kxg7 22. Re1 Rd8 23. Be2 d5 24. cxd5 Bxd5 25. a3 Rc6 26. Rbd1
Rcd6 27. Rd4 Be6 28. Rxd6 Rxd6 29. Rc1 c5 30. g4 Rd2 31. Ke1 Rb2 32. h4 Rb3
33. Ra1 Rxe3 34. Kf2 Re4 35. Kf3 Bxg4+ 36. Kxg4 Rxe2 37. Kf3 Rh2 38. Kg3 Rd2
39. a4 Kf6 40. a5 Kf5 41. axb6 axb6 42. Rb1 Rd6 43. Re1 Re6 44. Rd1 Rd6 45.
Rxd6 Ke4 46. Rxb6 c4 47. Rc6 Kd3 48. Kg4 c3 49. Kg5 c2 50. Rxc2 Kxc2 51. Kf6
Kd3 52. f5 Ke4 53. fxg6 fxg6 54. Kg5 Ke5 55. Kh6 Kf5 56. Kxh7 g5 57. h5 g4 58.
h6 g3 59. Kg8 g2 60. h7 g1=Q+ 61. Kf7 Qg6+ {#R} 0-1

[Event "MH Spring Tourny"]
[Site "Mountain Home, ID"]
[Date "2012.04.28"]
[Round "2.1"]
[White "Taylor, Shane"]
[Black "Olsoy, Peter"]
[Result "1-0"]
[WhiteElo "1400"]
[BlackElo "1700"]

1. e4 c5 2. d4 cxd4 3. c3 dxc3 4. Nxc3 Nc6 5. Nf3 d6 6. Bc4 Bg4 7. O-O Ne5 8.
Bb3 Bxf3 9. gxf3 e6 10. f4 Ng6 11. Qe2 Be7 12. Ba4+ Kf8 13. Be3 Nf6 14. f3 e5
15. f5 Nf4 16. Qd2 N6h5 17. Rad1 a6 18. Bb3 g6 19. Nd5 gxf5 20. Nxf4 Nxf4 21.
Bxf4 exf4 22. Qxf4 Rg8+ 23. Kh1 Qd7 24. Qh6+ Ke8 25. Qxh7 Rf8 26. exf5 Qc6 27.
Rc1 Qb6 28. Rfe1 Qf2 29. Bd5 Kd7 30. Bxb7 Rab8 31. Bc6+ Kd8 32. Rcd1 Rxb2 33.
Rg1 Kc7 34. Bd5 Bf6 35. Qh6 Be5 36. Rc1+ Kd7 37. Be6+ Ke7 38. Rc7+ Ke8 39.
Rc8+ Ke7 40. Qxf8+ Kf6 41. Qd8# 1-0

[Event "MH Spring Tourny"]
[Site "Mountain Home, ID"]
[Date "2012.04.28"]
[Round "3.1"]
[White "Edvalson, Paul"]
[Black "Taylor, Shane"]
[Result "1/2-1/2"]
[WhiteElo "1598"]
[BlackElo "1400"]

1. Nf3 Nf6 2. b3 c5 3. Bb2 Nc6 4. e3 d5 5. Bb5 a6 6. Bxc6+ bxc6 7. Ne5 Qc7 8.
d3 Bf5 9. Nd2 e6 10. O-O Bd6 11. f4 O-O 12. c4 h5 13. Ndf3 Rab8 14. Ng5 Ng4
15. Nxg4 Bxg4 16. Nf3 Rfd8 17. Qe1 a5 18. Qc3 Bf8 19. Ne5 d4 20. exd4 cxd4 21.
Qe1 a4 22. Qe4 Rb6 23. Nxg4 hxg4 24. Bxd4 Rb4 25. Be5 Qb6+ 26. Kh1 axb3 27.
axb3 Rxb3 28. f5 exf5 29. Qxf5 f6 30. Qe6+ Kh8 31. Bg3 Rd4 32. Bf2 Rd6 33.
Qxg4 Qd8 34. Bc5 Rdxd3 35. Bxf8 Qxf8 36. Ra5 Rb8 37. Rh5+ Kg8 38. Qe6+ Qf7 39.
Qg4 Rbd8 40. Rhf5 R3d4 41. Qe2 Qxc4 42. Qf3 Qf7 43. Qxc6 {#d} 1/2-1/2

[Event "MH Spring Tourny"]
[Site "Mountain Home, ID"]
[Date "2012.04.28"]
[Round "4.2"]
[White "Taylor, Shane"]
[Black "Pentico, Christopher"]
[Result "1-0"]
[WhiteElo "1400"]
[BlackElo "1456"]

1. e4 d6 2. d4 Nf6 3. Nc3 g6 4. Bc4 Bg7 5. Be3 O-O 6. f4 a6 7. Nf3 b5 8. Bb3
b4 9. Ne2 Nxe4 10. h3 c5 11. Bd5 cxd4 12. Bxd4 Bxd4 13. Qxd4 Qa5 14. Bxa8 b3+
15. c3 Nc5 16. O-O bxa2 17. Bd5 Be6 18. b4 Nb3 19. Bxb3 Qf5 20. Bxe6 Qxe6 21.
Qd2 Nd7 22. Rxa2 Nf6 23. Ned4 Qc4 24. Re1 Nd5 25. Ra3 Nc7 26. Rxe7 Nd5 27. Qe2
Qxe2 28. Rxe2 Nxf4 29. Rd2 Re8 30. Rxa6 Rc8 31. Rc6 Ra8 32. Rxd6 Ra1+ 33. Kh2
Rc1 34. Nb5 Nh5 35. Ne5 Rf1 36. c4 Rf5 37. Ng4 Rf4 38. R6d4 Rf5 39. c5 Ng7 40.
Rd8+ {#r} 1-0

[Event "Meridian Invitational"]
[Site "Meridian, ID"]
[Date "2012.06.23"]
[Round "1.4"]
[White "Olsoy, Peter John"]
[Black "Taylor, Shane"]
[Result "1-0"]
[WhiteElo "1615"]
[BlackElo "1374"]

1. d4 Nf6 2. c4 g6 3. Nc3 Bg7 4. e4 d6 5. Bd3 Nc6 6. Nge2 e5 7. d5 Ne7 8. O-O
O-O 9. Bg5 Nh5 10. Qd2 Kh8 11. Bh6 Rg8 12. Bxg7+ Rxg7 13. f4 f5 14. fxe5 dxe5
15. Qg5 f4 16. Kh1 h6 17. Qxe5 g5 18. h4 Ng6 19. Qd4 Nxh4 20. e5 f3 21. gxf3
Bh3 22. Rf2 g4 23. Rg1 Nxf3 24. Rxf3 Qh4 25. Qf2 {(Time Forfeit)} {#r} 1-0

[Event "Meridian Invitational"]
[Site "Meridian, ID"]
[Date "2012.06.23"]
[Round "2.6"]
[White "Taylor, Shane"]
[Black "Lundy III, George W"]
[Result "0-1"]
[WhiteElo "1374"]
[BlackElo "1583"]

1. e4 e5 2. Nf3 Nc6 3. Bc4 d6 4. O-O Bg4 5. c3 Qe7 6. d4 O-O-O 7. d5 Nb8 8.
Be3 c5 9. dxc6 Nxc6 10. h3 h5 11. hxg4 hxg4 12. Ng5 Nh6 13. g3 Kb8 14. Kg2 g6
15. Qd5 Rd7 16. f4 gxf3+ 17. Rxf3 f6 18. Ne6 Ng4 19. Rf1 Nxe3+ {#R} 0-1

[Event "Meridian Invitational"]
[Site "Meridian, ID"]
[Date "2012.06.23"]
[Round "3.6"]
[White "Taylor, Shane"]
[Black "Edvalson, Paul"]
[Result "0-1"]
[WhiteElo "1374"]
[BlackElo "1565"]

1. e4 c5 2. d4 cxd4 3. c3 g6 4. cxd4 Bg7 5. Nf3 d5 6. e5 Nh6 7. Nc3 Nc6 8. Qb3
Nf5 9. Qxd5 Qxd5 10. Nxd5 Kd8 11. Be3 Nxe3 12. fxe3 Bg4 13. Ng5 Kd7 14. Nxf7
Be6 15. Nxh8 Bxd5 16. Nxg6 hxg6 17. Bd3 g5 18. e4 Bg8 19. d5 Nxe5 20. Bb5+ Kd6
21. Kd2 a6 22. Bd3 g4 23. Rac1 Bh6+ 24. Ke2 Bxc1 25. Rxc1 Nxd3 26. Kxd3 e6 27.
dxe6 Bxe6 28. Ke3 Bxa2 29. Kf4 Be6 30. e5+ Kd7 31. Kg5 Rh8 32. Kf6 Rf8+ 33.
Kg5 Rf2 34. Rg1 Rxb2 35. h3 gxh3 36. gxh3 Bxh3 37. Kf6 Rf2+ 38. Kg5 b5 39. Rg3
Be6 40. Rd3+ Ke7 41. Ra3 Ra2 42. Rc3 b4 43. Rc7+ Kd8 44. Rb7 b3 45. Kf6 Bd5
46. e6 Bxb7 47. Kf7 Bd5 48. Kf8 {(Time Forfeit)} {#R} 0-1

[Event "Meridian Invitational"]
[Site "Meridian, ID"]
[Date "2012.06.23"]
[Round "4.6"]
[White "Patterson, Kevin R"]
[Black "Taylor, Shane"]
[Result "0-1"]
[WhiteElo "1222"]
[BlackElo "1374"]

1. e4 e5 2. g3 Nf6 3. Bg2 Nc6 4. Nf3 Nxe4 5. d3 Nf6 6. O-O Bc5 7. Be3 b6 8.
Re1 O-O 9. Bxc5 bxc5 10. Nxe5 Rb8 11. Nxc6 dxc6 12. b3 Bg4 13. Qd2 Qd4 14. Nc3
Nd5 15. Re4 Qxc3 16. Qxc3 Nxc3 17. Rxg4 Ne2+ 18. Kf1 Nd4 19. c4 f5 20. Rg5
Rbe8 21. g4 fxg4 22. Rxg4 Re2 23. Re4 Rfxf2+ 24. Kg1 Rxg2+ 25. Kf1 Rgf2+ 26.
Kg1 Rg2+ 27. Kf1 Rgf2+ 28. Kg1 Nf3+ 29. Kh1 Rxh2# 0-1

[Event "MH Summer Tourny"]
[Site "Mountain Home, ID"]
[Date "2012.07.28"]
[Round "1.6"]
[White "Blake, Isaac"]
[Black "Taylor, Shane"]
[Result "0-1"]
[WhiteElo "1000"]
[BlackElo "1240"]

1. Nf3 d5 2. d3 a6 3. Nbd2 g6 4. g3 Bg7 5. Bg2 c5 6. e4 Nf6 7. e5 Ng4 8. b4
Nxe5 9. Nxe5 Bxe5 10. Rb1 Qd6 11. bxc5 Qxc5 12. Nf3 Bg4 13. O-O Qc7 14. d4 Bg7
15. Bf4 Qc6 16. h3 Bf5 17. Rc1 Nd7 18. g4 Be4 19. Qe2 Rc8 20. c3 O-O 21. Qe3
Rfe8 22. Rfe1 Nb6 23. Ne5 Nc4 24. Nxc6 Nxe3 25. Nxe7+ Rxe7 26. Rxe3 Rce8 27.
Bxe4 Rxe4 28. h4 Rc8 29. Rxe4 dxe4 30. g5 b5 31. Kg2 b4 32. c4 Bxd4 33. f3
exf3+ 34. Kxf3 Bc3 35. Ke3 Rxc4 36. Kd3 Rxf4 37. a3 a5 38. axb4 axb4 39. Kc2
Rxh4 40. Kb3 Rh3 41. Kc2 Rg3 42. Rd1 Rxg5 43. Rd8+ Kg7 44. Kb3 h5 45. Rd1 h4
46. Rh1 Rh5 47. Rh3 Kf6 48. Rf3+ Kg5 {(Time Forfeit)} {#R} 0-1

[Event "MH Summer Tourny"]
[Site "Mountain Home, ID"]
[Date "2012.07.28"]
[Round "2.3"]
[White "Taylor, Shane"]
[Black "Blankenship, James H"]
[Result "1-0"]
[WhiteElo "1240"]
[BlackElo "1587"]

1. e4 e5 2. Nf3 Nc6 3. Bc4 f5 4. exf5 e4 5. Qe2 d5 6. Bb5 Nf6 7. d3 Bxf5 8.
Nc3 Bb4 9. Bg5 O-O 10. dxe4 dxe4 11. Bxc6 bxc6 12. Rd1 exf3 13. Qc4+ Nd5 14.
Bxd8 Re8+ 15. Be7 Rxe7+ 16. Kf1 fxg2+ 17. Kxg2 Re6 18. Nxd5 Rg6+ 19. Kf1 cxd5
20. Qxb4 Re8 21. h4 Bxc2 22. Rxd5 Be4 23. Rd8 Bg2+ 24. Kg1 Rxd8 25. Kh2 Bxh1
26. Kxh1 Rd1+ 27. Kh2 Rd8 28. Qc4+ Kh8 29. Qxc7 Rf8 30. Qxa7 Rxf2+ 31. Qxf2
{#r} 1-0

[Event "MH Summer Tourny"]
[Site "Mountain Home, ID"]
[Date "2012.07.28"]
[Round "3.1"]
[White "Stewart, Timothy"]
[Black "Taylor, Shane"]
[Result "1-0"]
[WhiteElo "1831"]
[BlackElo "1240"]

1. d4 Nf6 2. Nf3 g6 3. Bg5 Bg7 4. e3 O-O 5. Bd3 d6 6. O-O Nc6 7. c4 e5 8. Nc3
h6 9. Bxf6 Qxf6 10. d5 Nd8 11. Qc2 Qe7 12. Nd2 f5 13. f4 e4 14. Be2 a6 15. Nb3
Bd7 16. Rad1 Nf7 17. Nd4 g5 18. g3 Nh8 19. Kh1 Kh7 20. Bh5 gxf4 21. Rxf4 Be5
22. Rf2 Qg5 23. Qe2 Ng6 24. Bxg6+ Kxg6 25. Qd2 Kh7 26. Nce2 c6 27. Nf4 c5 28.
Nde6 Qg4 29. Nxf8+ Rxf8 30. Rdf1 Rb8 31. Qe2 Qg5 32. Qh5 Bxf4 33. Qf7+ Qg7 34.
Qxg7+ Kxg7 35. Rxf4 b5 36. b3 b4 37. g4 a5 38. gxf5 Kf6 39. Rxe4 Bxf5 40. Re6+
Kg5 41. Rxd6 Rg8 42. Rg1+ Bg4 43. h3 Kh5 44. Rxg4 Rxg4 45. hxg4+ Kxg4 46. Rxh6
Kf3 47. Re6 {#r} 1-0

[Event "MH Summer Tourny"]
[Site "Mountain Home, ID"]
[Date "2012.07.28"]
[Round "4.2"]
[White "Taylor, Shane"]
[Black "Gorman, Cody Austin"]
[Result "0-1"]
[WhiteElo "1240"]
[BlackElo "1290"]

1. e4 b6 2. d4 Bb7 3. Nc3 e6 4. f4 Bb4 5. Bd3 f5 6. Qe2 Nf6 7. exf5 O-O 8.
fxe6 Re8 9. f5 dxe6 10. fxe6 Qxd4 11. Nf3 Bxc3+ 12. Kf1 Qd6 13. bxc3 Rxe6 14.
Qf2 Ne4 15. Qh4 Nd7 16. Bf4 Qc5 17. Nd4 Rf6 18. Re1 Raf8 19. g3 Nd2+ 20. Ke2
Qxc3 21. Qxh7+ Kf7 22. Qh5+ Ke7 23. Kd1+ Ne4 24. Nb3 Ndc5 25. Qe5+ Qxe5 26.
Bxe5 Re6 27. Bd4 Nxd3 28. cxd3 Nf2+ 29. Bxf2 Rxf2 30. Rxe6+ Kxe6 31. Re1+ Kf7
32. Re2 Bf3 33. Ke1 Rxe2+ 34. Kf1 Rxa2 35. Nd4 Bb7 36. Nb5 Ba6 37. Nxc7 Bxd3+
38. Ke1 Rxh2 39. Nb5 Bxb5 {#R} 0-1

[Event "WRW Progressive"]
[Site "Hailey, ID"]
[Date "2012.10.06"]
[Round "1.2"]
[White "Sawyer, David L"]
[Black "Taylor, Shane"]
[Result "1-0"]
[WhiteElo "1925"]
[BlackElo "1381"]

{Game/30;d5} 1. e4 a6 2. Nf3 b5 3. b3 Bb7 4. Nc3 e6 5. d3 b4 6. Ne2 c5 7. Bb2
d5 8. Ng3 d4 9. Be2 Bd6 10. a3 a5 11. O-O h5 12. h4 Qc7 13. Ng5 g6 14. Bc1 Nd7
15. f4 O-O-O 16. Nxf7 Rf8 17. Nxh8 Bxf4 18. Bxf4 Rxf4 19. Qd2 Rxf1+ 20. Nxf1
Ngf6 21. Nxg6 Nxe4 22. dxe4 Bxe4 23. Bd3 {(Time Forfeit)} {#r} 1-0

[Event "WRW Progressive"]
[Site "Hailey, ID"]
[Date "2012.10.06"]
[Round "2.4"]
[White "Taylor, Shane"]
[Black "Simonson, Jay L"]
[Result "1-0"]
[WhiteElo "1381"]
[BlackElo "627"]

{Game/45;d5} 1. e4 e5 2. Qh5 Nf6 3. Qxe5+ Be7 4. Nc3 d6 5. Qg3 Nc6 6. Bc4 d5
7. exd5 Nd4 8. Bb3 Bf5 9. Nge2 Nxe2 10. Nxe2 g6 11. Nc3 Qd7 12. d3 O-O-O 13.
Bf4 Bd6 14. O-O Nh5 15. Qe3 Bxf4 16. Qxa7 Qd6 17. Qa8+ Kd7 18. Qxb7 Bxh2+ 19.
Kh1 Be5 20. Ba4+ Ke7 21. Rae1 Kf8 22. g4 Bxg4 23. Ne4 Kg7 24. Nxd6 Bxd6 25.
Qa7 Ra8 26. Qd4+ Nf6 27. c4 Rxa4 28. a3 Rb8 29. Rb1 Rb3 30. Qe3 Bf5 31. Rfd1
Ng4 32. Qe2 Bc5 33. d4 Bxb1 34. dxc5 Rh3+ 35. Kg2 Rh2+ 36. Kg3 Rxf2 37. Qxf2
Nxf2 38. Kxf2 Be4 39. Rd4 f5 40. d6 cxd6 41. cxd6 Bc6 42. d7 Bxd7 43. Rxd7+
Kh6 44. c5 Rc4 45. b4 Rc2+ 46. Ke1 Ra2 47. c6 Rxa3 48. c7 Ra8 49. Rd8 Ra1+ 50.
Ke2 Ra2+ 51. Kf3 Ra3+ 52. Kf4 g5+ 53. Kxf5 Rf3+ 54. Ke4 Rf4+ 55. Ke5 Rc4 56.
c8=Q Rxc8 57. Rxc8 Kh5 58. Rh8 h6 59. b5 g4 60. Kf4 Kh4 61. Rxh6# 1-0